To Tell the Truth / (Record no. 4477)

MARC details
000 -LEADER
fixed length control field 00476nam a22001697a 4500
003 - CONTROL NUMBER IDENTIFIER
control field GBCCL
005 - DATE AND TIME OF LATEST TRANSACTION
control field 20241126110519.0
008 - FIXED-LENGTH DATA ELEMENTS--GENERAL INFORMATION
fixed length control field 180122b xxu||||| |||| 00| 0 eng d
040 ## - CATALOGING SOURCE
Transcribing agency gbc
082 ## - DEWEY DECIMAL CLASSIFICATION NUMBER
Classification number 226.6007
Item number DEV
100 ## - MAIN ENTRY--PERSONAL NAME
Personal name De Vries, John
9 (RLIN) 8347
245 ## - TITLE STATEMENT
Title To Tell the Truth /
Statement of responsibility, etc. John De Vries
260 ## - PUBLICATION, DISTRIBUTION, ETC.
Place of publication, distribution, etc. South Holland:
Name of publisher, distributor, etc. The World Home Bible League,
Date of publication, distribution, etc. 1972
300 ## - PHYSICAL DESCRIPTION
Extent 54 p.;
Other physical details ill.,
Dimensions 22 cm.
650 ## - SUBJECT ADDED ENTRY--TOPICAL TERM
Topical term or geographic name entry element Bible
Form subdivision New Testament
-- Acts
General subdivision Study
9 (RLIN) 8125
942 ## - ADDED ENTRY ELEMENTS (KOHA)
Source of classification or shelving scheme Dewey Decimal Classification
Koha item type Books
Holdings
Withdrawn status Lost status Source of classification or shelving scheme Damaged status Not for loan Home library Current Library Shelving location Date acquired Total checkouts Full call number Barcode Date last seen Copy number Price effective from Koha item type
    Dewey Decimal Classification     GRACE BIBLE COLLEGE GRACE BIBLE COLLEGE Biblical Studies 2018-01-22   226.6007 DEV 004744 2025-05-01 c.1 2018-01-22 Books
© Grace Bible College Library 2025